Top 5 European Leagues Top Scorers: 2009/10 - Statistics

General Stats
  • This quiz has been taken 10 times
  • The average score is 13 of 28
Answer Stats
League Goals Club Nationality Player % Correct
La Liga 26 Real Madrid Portugal Cristiano Ronaldo
100%
La Liga 34 Barcelona Argentina Lionel Messi
100%
Premier League 29 Chelsea Ivory Coast Didier Drogba
89%
Premier League 26 Manchester United England Wayne Rooney
89%
Bundesliga 16 Bayern Munich Netherlands Arjen Robben
78%
Premier League 23 Manchester City Argentina Carlos Tevez
78%
Bundesliga 22 Wolfsburg Bosnia and Herzegovina Edin Dzeko
78%
Premier League 22 Chelsea England Frank Lampard
78%
La Liga 21 Valencia Spain David Villa
67%
La Liga 18 Atletico Madrid Uruguay Diego Forlan
67%
La Liga 27 Real Madrid Argentina Gonzalo Higuain
67%
Serie A 29 Udinese Italy Antonio Di Natale
56%
Bundesliga 16 Werder Bremen Peru Claudio Pizarro
44%
Serie A 22 Inter Argentina Diego Milito
44%
Bundesliga 18 Schalke Germany Kevin Kuranyi
44%
Serie A 15 Fiorentina Italy Alberto Gilardino
33%
Ligue 1 15 Lyon Argentina Lisandro Lopez
33%
Bundesliga 19 Borussia Dortmund Paraguay Lucas Barrios
33%
Bundesliga 21 Bayer Leverkusen Germany Stefan Kiessling
33%
Serie A 19 Palermo Italy Fabrizio Miccoli
22%
Premier League 24 Sunderland England Darren Bent
11%
Serie A 19 Sampdoria Italy Giampaolo Pazzini
11%
Ligue 1 18 Marseille Senegal Mamadou Niang
11%
Ligue 1 14 Auxerre Poland Ireneusz Jelen
0%
Ligue 1 17 Lorient France Kevin Gameiro
0%
Ligue 1 14 Nice France Loic Remy
0%
Ligue 1 15 PSG Turkey Mevlut Erdinc
0%
Ligue 1 14 Monaco Brazil Nene
0%
No matching quizzes found
Score Distribution
Percent of People with Each Score
Percentile by Number Answered
Your Score History
You have not taken this quiz